Multiple Choice City Quiz – İzmir - Statistics

General Stats
  • This quiz has been taken 173 times
    172 since last reset
  • The average score is 6 of 10
Answer Stats
Question Answer % Correct
What was İzmir called primarily up until the 1930s? Smyrna
90%
Who is this massive bust depicting? Mustafa Kemal Atatürk
86%
What sea does İzmir lie on? Aegean Sea
75%
Which wonder of the world was is in nearby Ephesus? Temple of Artemis
66%
What structure is considered the main landmark of the city? İzmir Clock Tower
59%
Which ancient figure is believed by some to have been from the area of İzmir? Homer
53%
What catastrophe destroyed the Greek and Armenian quarters of the city? Fire
43%
Which of these towers is in İzmir?
37%
Who sieged the city in 1402 and massacred almost all it's inhabitants? Tamerlane
37%
Who designed the Konak Pier? Gustave Eiffel
27%
No matching quizzes found
Score Distribution
Percent of People with Each Score
Percentile by Number Answered
Your Score History
You have not taken this quiz since the last reset